[Event "IX EICC"]
[Site "Plovdiv BUL"]
[Date "2008.04.22"]
[Round "2"]
[White "Papin,V"]
[Black "Kanakaris,G"]
[Result "1-0"]
[WhiteElo "2483"]
[BlackElo "2300"]
[EventDate "2008.04.21"]

1. d4 d5 2. c4 c6 3. Nf3 Nf6 4. e3 a6 5. Qc2 e6 6. Nbd2 Nbd7 7. b3 Bd6 8.
Bb2 O-O 9. Bd3 h6 10. O-O c5 11. Rad1 cxd4 12. exd4 Nh5 13. Rfe1 Ndf6 14.
Ne5 Bd7 15. Qc1 Bc6 16. Ndf3 dxc4 17. Nxc6 bxc6 18. bxc4 Qa5 19. Bb1 Rab8
20. Qc2 Nf4 21. Ne5 Rfc8 22. Bc1 N4h5 23. g4 Rxb1 24. Qxb1 Bxe5 25. Rxe5
Qc3 26. Qb3 1-0

[Event "IX EICC"]
[Site "Plovdiv BUL"]
[Date "2008.04.22"]
[Round "2"]
[White "Hoffmann,Mi1"]
[Black "Yordanov,N"]
[Result "1/2-1/2"]
[WhiteElo "2471"]
[BlackElo "2296"]
[EventDate "2008.04.21"]

1. e4 c5 2. Nf3 Nc6 3. d4 cxd4 4. Nxd4 Nf6 5. Nc3 e5 6. Ndb5 d6 7. Nd5 Nxd5
8. exd5 Nb8 9. a4 Be7 10. Be2 O-O 11. O-O f5 12. f4 a6 13. Na3 exf4 14.
Bxf4 Nd7 15. Nc4 Nb6 16. Kh1 Nxc4 17. Bxc4 Bf6 18. c3 Qc7 19. Qb3 g5 20.
Be3 f4 21. Bb6 Qg7 22. Qb4 Be5 23. Bd4 Bxd4 24. cxd4 Rf6 25. Rae1 Bf5 26.
Qb3 Raf8 27. Bd3 Bc8 28. Rc1 Rh6 29. Qb6 g4 30. Rxc8 Rxc8 31. Bf5 Rf8 32.
Be6+ Kh8 33. Qxd6 g3 34. h3 f3 35. Qe5 fxg2+ 36. Kxg2 Rxf1 37. Kxf1 Rf6+
38. Kg1 g2 39. Bg4 Qg6 40. d6 Qb1+ 41. Kxg2 Qf1+ 42. Kh2 Qf2+ 43. Kh1 Qf1+
1/2-1/2

[Event "IX EICC"]
[Site "Plovdiv BUL"]
[Date "2008.04.22"]
[Round "2"]
[White "Grigorov,G"]
[Black "Galopoulos,N"]
[Result "1-0"]
[WhiteElo "2456"]
[BlackElo "2243"]
[EventDate "2008.04.21"]

1. d4 Nf6 2. c4 c5 3. d5 b5 4. cxb5 a6 5. bxa6 d6 6. Nc3 g6 7. e4 Bg7 8.
Nf3 O-O 9. a4 Nxa6 10. Bb5 Nc7 11. Bc6 Rb8 12. O-O Ba6 13. Re1 Nd7 14. Qc2
Rb6 15. a5 Rb4 16. Ra4 Rb8 17. Bf4 Ne5 18. Nxe5 Bxe5 19. Bxe5 dxe5 20. Nd1
Qd6 21. Ne3 e6 22. Rc1 exd5 23. exd5 Bb5 24. Bxb5 Rxb5 25. Rd1 Rd8 26. h3
Qf6 27. Qc3 h5 28. f4 Qh4 29. Qxe5 Rb3 30. d6 Ne6 31. Rd5 Nd4 32. Qe7 Nf3+
33. gxf3 Rxb2 1-0

[Event "IX EICC"]
[Site "Plovdiv BUL"]
[Date "2008.04.22"]
[Round "2"]
[White "Loeffler,S"]
[Black "Kounalakis,E"]
[Result "1-0"]
[WhiteElo "2409"]
[BlackElo "2099"]
[EventDate "2008.04.21"]

1. Nf3 e6 2. g3 Nf6 3. Bg2 d5 4. O-O Be7 5. d4 O-O 6. c4 b6 7. Nc3 Bb7 8.
Bf4 a6 9. Qb3 Nc6 10. cxd5 exd5 11. Rfd1 Na5 12. Qc2 Nc4 13. Ne5 Nd6 14.
Rac1 Ra7 15. Qb3 Nde4 16. Nxe4 Nxe4 17. Nc6 Bxc6 18. Rxc6 Bg5 19. Bxg5 Qxg5
20. Qc2 Re8 21. Rxc7 Rxc7 22. Qxc7 h5 23. e3 h4 24. Qf4 Qxf4 25. gxf4 Rc8
26. Bxe4 dxe4 27. d5 h3 28. d6 Rd8 29. f3 f5 30. fxe4 fxe4 31. Kf2 Kf7 32.
Rd4 1-0

[Event "IX EICC"]
[Site "Plovdiv BUL"]
[Date "2008.04.22"]
[Round "2"]
[White "Petrosian,TL"]
[Black "Kozhuharov,S"]
[Result "1-0"]
[WhiteElo "2616"]
[BlackElo "2433"]
[EventDate "2008.04.21"]

1. c4 e6 2. Nf3 Nf6 3. g3 d5 4. Bg2 c6 5. Qc2 Nbd7 6. O-O Bd6 7. d4 O-O 8.
Nbd2 Re8 9. b3 Qe7 10. Bb2 e5 11. dxe5 Nxe5 12. Nd4 dxc4 13. Nxc4 Nxc4 14.
Qxc4 Be5 15. Rad1 Bg4 16. f3 Bd7 17. f4 Bxd4+ 18. Qxd4 Bg4 19. Rde1 Qd7 20.
e4 Qxd4+ 21. Bxd4 Bc8 22. Rf2 Nd7 23. Rc1 f6 24. b4 Nf8 25. f5 a5 26. a3
axb4 27. axb4 Ra4 28. Bc3 Nd7 29. Rd2 Ne5 30. Bxe5 fxe5 31. b5 cxb5 32. Bf1
Rxe4 33. Bxb5 Rf8 34. Bc4+ Rxc4 35. Rxc4 Bxf5 36. Rc7 Bh3 37. Rf2 Rd8 38.
Re2 Rd1+ 39. Kf2 Rf1+ 40. Ke3 Rf7 41. Rc5 Re7 42. Kf2 e4 43. Ke3 h6 44. Rf2
Kh7 45. Rb5 Kg8 46. Rb6 Kh7 47. Rb4 Kg8 48. Rxe4 Rxe4+ 49. Kxe4 b5 50. Kd5
g5 51. Kc6 Kg7 52. Kxb5 Be6 53. Kc5 Bb3 54. Kd6 Bc4 55. Ke5 Bb3 56. Rb2 Bc4
57. Rb4 Bg8 58. Rb7+ Kg6 59. Rc7 Ba2 60. Rc1 Bg8 61. Rc6+ Kg7 62. Rc8 Ba2
63. Rc6 Bg8 64. Rb6 Bc4 65. Kd6 Be2 66. Ke7 Bg4 67. Rf6 Bh5 68. Rf5 Bg6 69.
g4 Kg8 70. Kf6 Bh7 71. Re5 Bc2 72. h4 gxh4 73. Rh5 1-0

[Event "IX EICC"]
[Site "Plovdiv BUL"]
[Date "2008.04.22"]
[Round "2"]
[White "Markowski,T"]
[Black "Dimitrov,R"]
[Result "1-0"]
[WhiteElo "2598"]
[BlackElo "2409"]
[EventDate "2008.04.21"]

1. g3 c5 2. Bg2 Nc6 3. c4 g6 4. Nc3 Bg7 5. Rb1 Nf6 6. d3 O-O 7. e4 d6 8.
Nge2 Bd7 9. O-O a6 10. a3 Rb8 11. b4 e5 12. h3 Nd4 13. bxc5 dxc5 14. f4
Nxe2+ 15. Nxe2 Ne8 16. Be3 b6 17. f5 Nc7 18. Qd2 Bc6 19. Nc3 gxf5 20. exf5
Bxg2 21. Kxg2 f6 22. g4 Qd7 23. Ne4 Rfd8 24. Rbd1 Ne8 25. Qf2 Qc6 26. Qf3
Rd7 27. g5 fxg5 28. Bxg5 Rf7 29. Kh2 Nc7 30. Qh5 Qd7 31. Be3 Bf6 32. Rf3
Kh8 33. Bc1 Rg8 34. Bb2 Qe7 35. Re1 Rfg7 36. Re2 Ne8 37. Rf1 Qd8 38. Qf3
Bh4 39. f6 Rf7 40. Bxe5 Rg6 41. Rg2 Rh6 42. Rg7 Qd7 43. Qg2 Nxg7 44. Qxg7+
1-0

[Event "IX EICC"]
[Site "Plovdiv BUL"]
[Date "2008.04.22"]
[Round "2"]
[White "Bartel,Mat"]
[Black "Pileckis,E"]
[Result "1-0"]
[WhiteElo "2588"]
[BlackElo "2403"]
[EventDate "2008.04.21"]

1. e4 c5 2. Nf3 Nc6 3. d4 cxd4 4. Nxd4 Nf6 5. Nc3 e5 6. Ndb5 d6 7. Bg5 a6
8. Na3 b5 9. Nd5 Be7 10. Bxf6 Bxf6 11. c4 b4 12. Nc2 Rb8 13. b3 O-O 14. g3
Bg5 15. h4 Bh6 16. g4 f6 17. Bh3 Kh8 18. Qd3 Bf4 19. Rd1 Rb7 20. Qf3 g5 21.
h5 Qa5 22. O-O Rd8 23. Qd3 Kg7 24. a3 bxa3 25. b4 Nxb4 26. Ncxb4 Rxb4 27.
Nxb4 Qxb4 28. Qd5 a2 29. c5 Qc3 30. Kg2 a1=Q 31. Rxa1 Qxc5 32. Rfd1 Qxd5
33. exd5 e4 34. Ra4 Bd7 35. Rxe4 Be5 36. Rc1 a5 37. Rc7 f5 38. gxf5 Kf6 39.
Ra7 a4 40. Rb4 Be8 41. Bg4 Rc8 42. Rxh7 a3 43. Rbb7 Bd4 44. Rbe7 1-0

[Event "IX EICC"]
[Site "Plovdiv BUL"]
[Date "2008.04.22"]
[Round "2"]
[White "Stefansson,H"]
[Black "Chudinovskikh,A"]
[Result "0-1"]
[WhiteElo "2583"]
[BlackElo "2392"]
[EventDate "2008.04.21"]

1. e4 e5 2. Nf3 Nc6 3. Bb5 a6 4. Ba4 Nf6 5. O-O Be7 6. Re1 b5 7. Bb3 O-O 8.
h3 Bb7 9. d3 d6 10. a3 Qd7 11. Nc3 Nd8 12. Ne2 Ne6 13. Ng3 g6 14. Bh6 Rfe8
15. Ng5 Bf8 16. Bxf8 Rxf8 17. Nxe6 fxe6 18. d4 exd4 19. e5 dxe5 20. Rxe5
Rae8 21. a4 Qd6 22. Qe2 Nd5 23. Bxd5 Bxd5 24. axb5 axb5 25. Re1 c5 26. Qg4
Re7 27. b4 Ref7 28. f3 Rf4 29. Qg5 cxb4 30. Ne2 R4f5 31. Rxf5 Rxf5 32. Qd2
e5 33. Rb1 Qc5 34. Kh1 Rf8 35. Rxb4 d3 36. Qxd3 Bc4 37. Qc3 e4 38. Ng1 e3
39. Rb1 Re8 40. Re1 b4 41. Qa1 e2 42. Qf6 Bb5 43. Qb2 Qc4 44. g3 Ba4 45. h4
Bxc2 46. h5 gxh5 47. Kg2 b3 48. Nh3 Qb4 49. Kf2 Qb6+ 50. Kg2 Qa5 51. Kf2
Qa7+ 52. Kg2 Qg7 53. Qc1 Bg6 54. Qc4+ Bf7 55. Qb5 h4 56. g4 Qe5 0-1

[Event "IX EICC"]
[Site "Plovdiv BUL"]
[Date "2008.04.22"]
[Round "2"]
[White "Aleksandrov,A"]
[Black "Reutsky,S"]
[Result "1/2-1/2"]
[WhiteElo "2582"]
[BlackElo "2302"]
[EventDate "2008.04.21"]

1. d4 f5 2. g3 Nf6 3. Bg2 g6 4. Nf3 Bg7 5. O-O O-O 6. Nbd2 d6 7. c3 Nc6 8.
b4 a6 9. Qb3+ e6 10. a4 Ne4 11. Ba3 Qf6 12. b5 Ne7 13. Nxe4 fxe4 14. Ne1
axb5 15. axb5 Nd5 16. Nc2 Qf5 17. h3 Bd7 18. c4 Nf6 19. c5 Rfc8 20. Ne3 Qh5
21. b6 d5 22. bxc7 Rxc7 23. Bb2 Rac8 24. Bc3 Bc6 25. g4 Qg5 26. Bd2 Rf7 27.
Ra2 Qh4 28. Be1 Qg5 29. Bd2 Qh4 30. Nc2 h5 31. f3 exf3 32. exf3 hxg4 33.
hxg4 Nh7 34. Qe3 Re8 35. Be1 Qh6 36. Bg3 1/2-1/2

[Event "IX EICC"]
[Site "Plovdiv BUL"]
[Date "2008.04.22"]
[Round "2"]
[White "Sidorenko,I"]
[Black "Szabo,Krisz1"]
[Result "1/2-1/2"]
[WhiteElo "2334"]
[BlackElo "2507"]
[EventDate "2008.04.21"]

1. e4 c5 2. Nf3 d6 3. d4 cxd4 4. Nxd4 Nf6 5. Nc3 a6 6. Bg5 e6 7. f4 Nbd7 8.
Qf3 Qc7 9. O-O-O b5 10. g4 Bb7 11. Bd3 Be7 12. Bxf6 gxf6 13. Rhe1 Nc5 14.
a3 Qb6 15. b4 Na4 16. Nxa4 bxa4 17. Qe3 Qc7 18. c4 a5 19. Nb5 Qc6 20. e5
axb4 21. exd6 Bxd6 22. Qd4 Be7 23. Be4 Qc8 24. Bxb7 Qxb7 25. g5 Rc8 26. Kb1
bxa3 27. gxf6 Bc5 28. Qd3 Rg8 29. Qxh7 Qg2 30. Rxe6+ fxe6 31. f7+ Kf8 32.
fxg8=Q+ Qxg8 33. Qe4 Qf7 34. Rd2 1/2-1/2

[Event "IX EICC"]
[Site "Plovdiv BUL"]
[Date "2008.04.22"]
[Round "2"]
[White "Jojua,D"]
[Black "Milovic,J"]
[Result "1-0"]
[WhiteElo "2463"]
[BlackElo "2280"]
[EventDate "2008.04.21"]

1. d4 c5 2. d5 e6 3. c4 Bd6 4. Nc3 Be5 5. Bd2 Nf6 6. Nf3 Bxc3 7. Bxc3 d6 8.
e3 e5 9. Nd2 Bf5 10. f3 Nbd7 11. Be2 h5 12. e4 Bg6 13. h4 Nh7 14. Qc2 Qe7
15. Nf1 O-O-O 16. Ne3 Kb8 17. Kd2 Nhf6 18. Rab1 Rhf8 19. a3 Rc8 20. Bd3 Ng8
21. b4 Nh6 22. Ke2 f5 23. exf5 e4 24. fxe4 Bxf5 25. exf5 Rce8 26. Bd2 Ng4
27. Rh3 g6 28. Rf1 Nde5 29. Kd1 gxf5 30. Bxf5 Nxe3+ 31. Rxe3 Qxh4 32. Qe4
Ng4 33. Qxe8+ Rxe8 34. Rxe8+ Kc7 35. bxc5 dxc5 36. Bf4+ Kb6 37. Re6+ Ka5
38. Bd2+ Ka4 39. Bc2+ Kxa3 40. Kc1 Ka2 41. Rf3 1-0

[Event "IX EICC"]
[Site "Plovdiv BUL"]
[Date "2008.04.22"]
[Round "2"]
[White "Jianu,V"]
[Black "Macieja,B"]
[Result "1/2-1/2"]
[WhiteElo "2531"]
[BlackElo "2599"]
[EventDate "2008.04.21"]

1. d4 Nf6 2. c4 e6 3. Nf3 d5 4. Nc3 dxc4 5. e3 a6 6. a4 c5 7. Bxc4 Nc6 8.
O-O Be7 9. Qe2 cxd4 10. Rd1 e5 11. exd4 exd4 12. Nxd4 Nxd4 13. Qe5 Qd6 14.
Qxd6 Bxd6 15. Rxd4 Bc5 16. Rh4 O-O 17. Bg5 Ng4 18. Ne4 Ba7 19. h3 Ne5 20.
Nd6 Nxc4 21. Rxc4 Be6 22. Rc2 h6 23. Be3 Bxe3 24. fxe3 Rab8 25. Rc7 Rfd8
26. Rd1 Rd7 27. Rxd7 Bxd7 28. a5 Bc6 29. Rd4 Kf8 30. Kf2 Ke7 31. Nf5+ Kf6
32. g4 h5 33. Kg3 hxg4 34. hxg4 g6 35. Nd6 Ke7 36. Nc4 f6 37. e4 Rd8 38.
Rxd8 Kxd8 39. e5 Bb5 40. Nd6 fxe5 41. Nf7+ Ke7 1/2-1/2

[Event "IX EICC"]
[Site "Plovdiv BUL"]
[Date "2008.04.22"]
[Round "2"]
[White "Atakisi,U"]
[Black "Banikas,H"]
[Result "1/2-1/2"]
[WhiteElo "2365"]
[BlackElo "2600"]
[EventDate "2008.04.21"]

1. e4 e6 2. d4 d5 3. Nd2 c5 4. exd5 Qxd5 5. Ngf3 cxd4 6. Bc4 Qd6 7. O-O Nf6
8. Nb3 Nc6 9. Nbxd4 Nxd4 10. Qxd4 Qxd4 11. Nxd4 Bd7 12. Bf4 Rc8 13. Bb3 Bc5
14. Rad1 O-O 15. c3 Rfd8 16. h3 h6 17. Rfe1 b5 18. a3 a5 19. Be3 Kf8 20.
Nf3 Bxe3 21. Rxe3 Be8 22. Rxd8 Rxd8 23. Nd4 Ke7 24. Nf5+ Kf8 25. Nd4 Ke7
26. Nf5+ Kf8 1/2-1/2

[Event "IX EICC"]
[Site "Plovdiv BUL"]
[Date "2008.04.22"]
[Round "2"]
[White "Muratet Casadevall,A"]
[Black "Georgiev,Vl"]
[Result "1/2-1/2"]
[WhiteElo "2174"]
[BlackElo "2572"]
[EventDate "2008.04.21"]

1. e4 c5 2. c3 d5 3. exd5 Qxd5 4. d4 Nc6 5. Nf3 Bg4 6. Be2 cxd4 7. cxd4 e6
8. h3 Bb4+ 9. Nc3 Bxf3 10. Bxf3 Qc4 11. Bxc6+ bxc6 12. Qb3 Bxc3+ 13. bxc3
Qd3 14. Qb7 Qe4+ 15. Be3 Rd8 16. O-O Ne7 17. d5 Qxd5 18. Rad1 Qxd1 19. Rxd1
Rxd1+ 20. Kh2 Rd7 21. Qb8+ Rd8 22. Qb7 Rd7 23. Qb8+ Rd8 24. Qb7 1/2-1/2

[Event "IX EICC"]
[Site "Plovdiv BUL"]
[Date "2008.04.22"]
[Round "2"]
[White "Sebenik,M"]
[Black "Kostic,Neb"]
[Result "1-0"]
[WhiteElo "2502"]
[BlackElo "2334"]
[EventDate "2008.04.21"]

1. Nf3 d6 2. d4 c6 3. c4 Bg4 4. Nc3 Nd7 5. g3 Ngf6 6. Bg2 e5 7. O-O Be7 8.
h3 Bxf3 9. Bxf3 O-O 10. d5 c5 11. e4 h6 12. Bg2 a6 13. a4 b6 14. Bd2 Qc7
15. h4 Rfb8 16. Bh3 Rb7 17. Qe2 Qd8 18. Kh1 Ne8 19. h5 Rab8 20. Ra3 Nc7 21.
Bxh6 gxh6 22. Qg4+ Kf8 23. Qxd7 b5 24. Nd1 Qxd7 25. Bxd7 bxc4 26. Re1 Bg5
27. Bc6 Rb3 28. Rxb3 Rxb3 29. Re2 Rd3 30. Nc3 Bd2 31. Nb1 Bb4 32. Kg2 Ke7
33. Rc2 Rd4 34. Kf3 f5 35. exf5 Kf6 36. Nc3 Rd3+ 37. Ke4 Rd4+ 38. Kf3 Kxf5
39. g4+ Kf6 40. Ne4+ Ke7 41. g5 hxg5 42. h6 g4+ 43. Kg3 Kf7 44. Rxc4 Rd3+
45. Kxg4 Kg6 46. Nxd6 Nxd5 47. Bxd5 Rxd5 48. Ne4 Rd4 49. b3 Kxh6 50. Kf5
Rd3 51. Kxe5 Rxb3 52. f4 Re3 53. Kf6 Kh7 54. f5 Kg8 55. Kg6 Kf8 56. f6 Re2
57. Ng5 Rg2 58. Rh4 1-0

[Event "IX EICC"]
[Site "Plovdiv BUL"]
[Date "2008.04.22"]
[Round "2"]
[White "Marholev,D"]
[Black "Kakkanas,E"]
[Result "1-0"]
[WhiteElo "2400"]
[BlackElo "2058"]
[EventDate "2008.04.21"]

1. e4 e5 2. Nf3 Nc6 3. Bb5 a6 4. Ba4 Nf6 5. O-O Be7 6. Re1 b5 7. Bb3 d6 8.
c3 O-O 9. d4 Bg4 10. d5 Na5 11. Bc2 c5 12. Nbd2 c4 13. h3 Bd7 14. Nf1 Nb7
15. g4 Ne8 16. Ng3 g6 17. Kh2 Ng7 18. Rg1 Kh8 19. Bh6 Rg8 20. Qd2 f6 21.
Rg2 Qe8 22. Rag1 Qf7 23. Ne1 Bf8 24. f4 Ne8 25. Bxf8 Qxf8 26. f5 g5 27. h4
h6 28. Rh1 Kg7 29. Kg1 Kf7 30. hxg5 fxg5 31. Rgh2 Rh8 32. Nf3 Nf6 33. Nxg5+
Ke7 34. Ne6 Bxe6 35. fxe6 Nxg4 36. Nf5+ Ke8 37. Rg2 h5 38. Qg5 1-0

[Event "IX EICC"]
[Site "Plovdiv BUL"]
[Date "2008.04.22"]
[Round "2"]
[White "Bykhovsky,An ISR"]
[Black "Ivanov,L"]
[Result "1-0"]
[WhiteElo "2394"]
[BlackElo "2020"]
[EventDate "2008.04.21"]

1. d4 Nf6 2. Nf3 e6 3. c4 b6 4. g3 Bb7 5. Bg2 Bb4+ 6. Bd2 Bxd2+ 7. Qxd2 O-O
8. Nc3 Ne4 9. Qd3 Nxc3 10. Ng5 Be4 11. Nxe4 Nxe4 12. Bxe4 d5 13. cxd5 exd5
14. Bxh7+ Kh8 15. Bf5 g6 16. Bg4 Kg7 17. O-O Rh8 18. Bf3 c6 19. Rac1 Qd6
20. e4 Nd7 21. e5 Qe6 22. Bg2 g5 23. f4 g4 24. f5 Qh6 25. f6+ Kg8 26. Qf5
Qe3+ 27. Kh1 Rh6 28. Qxg4+ Kf8 29. Rce1 1-0

[Event "IX EICC"]
[Site "Plovdiv BUL"]
[Date "2008.04.22"]
[Round "2"]
[White "Kharitonov,Alexandr"]
[Black "Kempinski,R"]
[Result "1/2-1/2"]
[WhiteElo "2526"]
[BlackElo "2595"]
[EventDate "2008.04.21"]

1. d4 Nf6 2. c4 g6 3. g3 Bg7 4. Bg2 d5 5. cxd5 Nxd5 6. e4 Nb6 7. Ne2 c5 8.
d5 e6 9. Nbc3 O-O 10. O-O Na6 11. Nf4 e5 12. Nd3 c4 13. Ne1 Bd7 14. Be3 Nc8
15. f4 Nd6 16. fxe5 Bxe5 17. Bd4 f6 18. Qd2 Bxd4+ 19. Qxd4 Qb6 20. Qxb6
axb6 21. Nf3 Rfe8 22. Rae1 Nf7 23. b3 Rac8 24. Rb1 b5 1/2-1/2

[Event "IX EICC"]
[Site "Plovdiv BUL"]
[Date "2008.04.22"]
[Round "2"]
[White "Azarov,S"]
[Black "Wells,P"]
[Result "1/2-1/2"]
[WhiteElo "2585"]
[BlackElo "2521"]
[EventDate "2008.04.21"]

1. e4 c5 2. Nf3 Nc6 3. d4 cxd4 4. Nxd4 Nf6 5. Nc3 d6 6. Bc4 e6 7. Be3 Be7
8. Qe2 a6 9. O-O-O Qc7 10. Bb3 Na5 11. g4 b5 12. g5 Nxb3+ 13. axb3 Nd7 14.
h4 b4 15. Na4 Nc5 16. h5 Bd7 17. Kb1 Bxa4 18. bxa4 Rc8 19. f3 Nxa4 20. Qxa6
Nc5 21. Qb5+ Nd7 22. Rd2 O-O 23. g6 Nc5 24. h6 1/2-1/2

[Event "IX EICC"]
[Site "Plovdiv BUL"]
[Date "2008.04.22"]
[Round "2"]
[White "Brkic,A"]
[Black "Halkias,S"]
[Result "1/2-1/2"]
[WhiteElo "2521"]
[BlackElo "2585"]
[EventDate "2008.04.21"]

1. e4 e5 2. Nf3 Nc6 3. Bb5 a6 4. Ba4 Nf6 5. O-O Bc5 6. c3 b5 7. Bb3 d6 8.
d4 Bb6 9. a4 Bg4 10. axb5 axb5 11. Rxa8 Qxa8 12. h3 Bd7 13. Re1 h6 14. Na3
O-O 15. Nxb5 Nxd4 16. Nbxd4 exd4 17. e5 dxe5 18. Nxe5 Bc6 19. Nxc6 Qxc6 20.
cxd4 Qd6 21. Be3 Nd5 22. Bxd5 Qxd5 23. Qg4 f5 24. Qg3 Bxd4 25. Bxd4 Qxd4
1/2-1/2

[Event "IX EICC"]
[Site "Plovdiv BUL"]
[Date "2008.04.22"]
[Round "2"]
[White "Lenic,L"]
[Black "Nedev,T"]
[Result "1/2-1/2"]
[WhiteElo "2584"]
[BlackElo "2518"]
[EventDate "2008.04.21"]

1. e4 c5 2. Nf3 Nc6 3. d4 cxd4 4. Nxd4 Nf6 5. Nc3 e5 6. Ndb5 d6 7. Bg5 a6
8. Na3 b5 9. Nd5 Be7 10. Bxf6 Bxf6 11. c4 b4 12. Nc2 O-O 13. g3 Be6 14. h4
a5 15. Bh3 Rb8 16. b3 Rb7 17. Kf1 Bxd5 18. Qxd5 Qb6 19. Qd3 Qc5 20. Rd1 Nd4
21. Kg2 a4 22. Bf5 g6 23. Nxd4 exd4 24. Qf3 Qe5 25. Bh3 axb3 26. axb3 Ra7
27. h5 Ra2 28. Bd7 Bg5 29. Rh2 Qf6 30. Qxf6 1/2-1/2

[Event "IX EICC"]
[Site "Plovdiv BUL"]
[Date "2008.04.22"]
[Round "2"]
[White "Luch,M"]
[Black "Vajda,L"]
[Result "1-0"]
[WhiteElo "2383"]
[BlackElo "2582"]
[EventDate "2008.04.21"]

1. e4 e5 2. Nf3 Nc6 3. Bb5 a6 4. Bxc6 dxc6 5. O-O f6 6. d4 exd4 7. Nxd4 c5
8. Ne2 Qxd1 9. Rxd1 Bd7 10. Be3 O-O-O 11. Nbc3 b6 12. Rd2 Re8 13. Rad1 Bc6
14. f3 Ne7 15. Nf4 Ng6 16. Nxg6 hxg6 17. Bf4 c4 18. Nd5 Bc5+ 19. Kf1 Bxd5
20. Rxd5 a5 21. a4 Re7 22. h3 Rhe8 23. Bg3 Kb7 24. Be1 Bd6 25. Bc3 Bg3 26.
R5d4 f5 27. Rxc4 fxe4 28. Rxe4 Rxe4 29. fxe4 Rxe4 30. Rd4 Re6 31. Rg4 Bd6
32. Bxg7 c6 33. Bc3 Bc7 34. Kf2 b5 35. Kf3 Bb6 36. Re4 Rd6 37. b3 Rd5 38.
Re5 1-0

[Event "IX EICC"]
[Site "Plovdiv BUL"]
[Date "2008.04.22"]
[Round "2"]
[White "Balog,I1"]
[Black "Perunovic,Mil"]
[Result "0-1"]
[WhiteElo "2415"]
[BlackElo "2579"]
[EventDate "2008.04.21"]

1. d4 Nf6 2. Nf3 e6 3. c4 d5 4. g3 dxc4 5. Qa4+ Nbd7 6. Bg2 a6 7. Qxc4 b5
8. Qc6 Rb8 9. a4 Bb7 10. Qc2 c5 11. O-O Rc8 12. axb5 axb5 13. Qb3 Qb6 14.
Na3 Bc6 15. Ne5 Nxe5 16. dxe5 Nd5 17. e4 Nb4 18. Qe3 Qb8 19. Bd2 Be7 20.
Bc3 O-O 21. f4 c4 22. Kh1 Nd3 23. Bd4 Rfd8 24. Nc2 b4 25. Ne1 Nxb2 26. f5
c3 27. f6 Bf8 28. Nf3 Nc4 29. Qg5 Bxe4 30. fxg7 Bxg7 31. Qf4 Bxf3 32. Bxf3
Nxe5 33. Bg2 Rxd4 34. Qxd4 c2 35. Be4 b3 0-1

[Event "IX EICC"]
[Site "Plovdiv BUL"]
[Date "2008.04.22"]
[Round "2"]
[White "Svetushkin,D"]
[Black "Logothetis,S"]
[Result "1-0"]
[WhiteElo "2568"]
[BlackElo "2291"]
[EventDate "2008.04.21"]

1. e4 c5 2. Nf3 e6 3. d3 Nc6 4. c3 d5 5. Qe2 Nf6 6. e5 Nd7 7. g3 Be7 8. h4
O-O 9. Bg2 b5 10. O-O a5 11. a4 bxa4 12. Rxa4 Nb6 13. Ra2 Bb7 14. Bf4 Qd7
15. Nbd2 a4 16. Rc1 Na5 17. Nf1 Nb3 18. Rb1 Ba6 19. N1h2 Qb5 20. Bf1 c4 21.
d4 a3 22. Qe3 Na4 23. bxa3 Qa5 24. Rc2 Rab8 25. Re1 Bxa3 26. Bg5 Rfc8 27.
Ng4 Kf8 28. h5 Nxc3 29. Rxc3 Bb4 30. h6 g6 31. Qf4 1-0

[Event "IX EICC"]
[Site "Plovdiv BUL"]
[Date "2008.04.22"]
[Round "2"]
[White "Atalik,S"]
[Black "Mladenov,P"]
[Result "1/2-1/2"]
[WhiteElo "2592"]
[BlackElo "2371"]
[EventDate "2008.04.21"]

1. c4 e6 2. Nf3 Nf6 3. d4 b6 4. g3 Bb7 5. Bg2 Be7 6. Nc3 O-O 7. Qd3 d5 8.
cxd5 exd5 9. O-O Ne4 10. Ne5 Nxc3 11. Qxc3 c5 12. dxc5 Bxc5 13. Nd3 d4 14.
Qc4 Bxg2 15. Kxg2 Nd7 16. b4 Be7 17. Bb2 Rc8 18. Qd5 Rc2 19. Rfe1 Bxb4 20.
Nxb4 Rxb2 21. Qxd4 Qf6 22. Qxd7 Rxb4 23. Qxa7 Qc6+ 24. Kg1 Ra8 25. Rec1
Rxa7 26. Rxc6 h6 27. Rc2 Rba4 28. Rb2 R7a6 29. e3 h5 30. Kg2 h4 31. gxh4
Rxh4 32. Rd1 Rha4 33. Rd8+ Kh7 34. Rd7 Kg6 35. Rdd2 f6 36. f4 b5 37. Kf3 b4
38. Rg2+ Kf7 39. h4 Ra7 40. h5 Re7 41. Rh2 Ra3 42. Rhe2 Rb7 43. Kg4 b3 44.
e4 Rxa2 45. Rxb3 Rxb3 46. Rxa2 Rb7 47. Ra6 Rc7 48. Kf5 Rc5+ 49. e5 fxe5 50.
fxe5 Rc7 51. Rd6 Ke7 52. Rg6 Kf7 53. h6 gxh6 54. e6+ Kf8 55. Kf6 Rh7 56.
e7+ Rxe7 57. Rxh6 1/2-1/2

[Event "IX EICC"]
[Site "Plovdiv BUL"]
[Date "2008.04.22"]
[Round "2"]
[White "Lupulescu,C"]
[Black "Arnaudov,G"]
[Result "1-0"]
[WhiteElo "2558"]
[BlackElo "2369"]
[EventDate "2008.04.21"]

1. e4 c5 2. Nf3 e6 3. d4 cxd4 4. Nxd4 Nc6 5. Nb5 d6 6. c4 Nf6 7. N1c3 a6 8.
Na3 b6 9. Be3 Bb7 10. Qb3 Nd7 11. Be2 Be7 12. O-O O-O 13. Rfd1 Rc8 14. Rac1
Re8 15. f3 Na5 16. Qc2 d5 17. cxd5 exd5 18. Qd2 Bb4 19. Nc2 Bxc3 20. bxc3
Ne5 21. exd5 Nec4 22. Qd4 Rc5 23. Bxc4 Nxc4 24. d6 Nb2 25. Re1 Re6 26. c4
Nxc4 27. Bf4 Nxd6 28. Rxe6 fxe6 29. Qxd6 Qc8 30. Qd2 1-0

[Event "IX EICC"]
[Site "Plovdiv BUL"]
[Date "2008.04.22"]
[Round "2"]
[White "Zherebukh,Y"]
[Black "Kokolias,K"]
[Result "1-0"]
[WhiteElo "2446"]
[BlackElo "2211"]
[EventDate "2008.04.21"]

1. e4 e5 2. Nf3 Nc6 3. Bb5 a6 4. Ba4 Nf6 5. O-O Be7 6. Re1 b5 7. Bb3 d6 8.
c3 O-O 9. h3 Nb8 10. d4 Nbd7 11. Nbd2 Bb7 12. Bc2 Re8 13. Nf1 Bf8 14. Ng3
g6 15. b3 Bg7 16. d5 Nb6 17. Qe2 c6 18. c4 cxd5 19. cxd5 Nfxd5 20. exd5 e4
21. Nxe4 Bxa1 22. Bg5 Rxe4 23. Qxe4 Bf6 24. Qh4 Nd7 25. Be4 Bxg5 26. Nxg5
Nf6 27. Bf3 Qf8 28. Qd4 Re8 29. Rxe8 Nxe8 30. Qa7 Qe7 31. Ne4 Qc7 32. g3 f6
33. Kg2 Kg7 34. Qd4 Kf7 35. h4 Qe7 36. g4 Qe5 37. Qa7 Qe7 38. Nc3 Ng7 39.
Ne2 h5 40. gxh5 Nxh5 41. Kf1 Ng7 42. Nf4 Nf5 43. h5 gxh5 44. Bxh5+ Kg7 45.
Qb8 Nh4 46. Ne6+ Kh7 47. Qa7 Ng6 48. Qb8 Ne5 49. Bd1 Ng6 50. Bc2 Kh6 51.
Qg8 f5 52. Bxf5 Qf6 53. Bxg6 Qa1+ 54. Ke2 Qb2+ 55. Kd1 Bxd5 56. Qh7+ 1-0

[Event "IX EICC"]
[Site "Plovdiv BUL"]
[Date "2008.04.22"]
[Round "2"]
[White "Morchiashvili,B"]
[Black "Arnaudov,P"]
[Result "1-0"]
[WhiteElo "2421"]
[BlackElo "2162"]
[EventDate "2008.04.21"]

1. d4 Nf6 2. c4 d6 3. Nc3 e5 4. Nf3 Nbd7 5. g3 c6 6. e4 Be7 7. Bg2 O-O 8.
O-O h6 9. Re1 Nh7 10. h4 Nhf6 11. Rb1 a5 12. a3 Re8 13. b4 axb4 14. axb4
Bf8 15. Bb2 g6 16. dxe5 dxe5 17. c5 Qc7 18. Qc2 Bg7 19. Nd2 b5 20. cxb6
Nxb6 21. Nd5 Qb7 22. Nxb6 Qxb6 23. Rec1 Ng4 24. Nc4 Qc7 25. Na5 Bd7 26.
Nxc6 Qb6 27. Qe2 h5 28. b5 Rac8 29. Ba3 Bf8 30. Bxf8 Kxf8 31. Bf3 Ra8 32.
Qd2 Kg7 33. Bxg4 Bxg4 34. Qc3 Rac8 35. Qc5 Qb7 36. Qa7 Qxa7 37. Nxa7 Rxc1+
38. Rxc1 Bf3 39. Re1 f5 40. exf5 gxf5 41. Nc6 Kf6 42. Re3 Bd5 43. f3 e4 44.
fxe4 fxe4 45. Nb4 Ke5 46. Nxd5 Kxd5 47. Kf2 Rb8 48. Rb3 Rb6 49. Ke3 Rf6 50.
Ke2 Rb6 51. Rb4 Ke5 52. Ke3 Kf5 53. Rb3 Ke5 54. Rb1 Rg6 55. Kf2 Rf6+ 56.
Ke2 Rb6 57. Rb4 Kf6 58. Ke3 Kf5 59. Kd4 Rd6+ 60. Kc5 Rd1 61. b6 Rc1+ 62.
Kd4 Rd1+ 63. Ke3 Rd3+ 64. Ke2 Rd8 65. b7 1-0

[Event "IX EICC"]
[Site "Plovdiv BUL"]
[Date "2008.04.22"]
[Round "2"]
[White "Aristotelous,V"]
[Black "Bogdanovski,V"]
[Result "0-1"]
[WhiteElo "1954"]
[BlackElo "2391"]
[EventDate "2008.04.21"]

1. Nf3 Nf6 2. g3 d5 3. Bg2 c6 4. O-O Bg4 5. d3 e6 6. Nbd2 Be7 7. e4 O-O 8.
h3 Bh5 9. g4 Bg6 10. Ne5 Nbd7 11. Nxg6 hxg6 12. f4 dxe4 13. dxe4 Nc5 14.
Qe2 e5 15. Nc4 exf4 16. Bxf4 Ne6 17. Be3 Bc5 18. Rad1 Qe7 19. Kh1 Rad8 20.
c3 Nd7 21. b4 Bxe3 22. Qxe3 b5 23. Nb2 Ne5 24. Nd3 f6 25. Qg3 Qc7 26. Nf2
g5 27. Rxd8 Rxd8 28. Rd1 Rxd1+ 29. Nxd1 Qd7 30. Ne3 Qd2 31. Nf5 Nf4 32. a3
Kf7 33. Nd4 Nxg2 34. Qxg2 Qxc3 35. Nf5 Qc1+ 36. Kh2 Qf4+ 37. Kh1 Kg6 38.
Ne7+ Kh7 39. Nf5 Qc1+ 40. Kh2 Nd3 41. h4 Nf4 42. Qf2 Qxa3 43. Ne3 Qxb4 44.
hxg5 fxg5 45. Qc2 Qd4 46. Nf5 Qd3 47. Qb2 Qe2+ 48. Qxe2 Nxe2 49. e5 Nf4 50.
Nd4 b4 51. e6 Nd5 0-1